| 000 | 00418 a2200157 4500 | ||
|---|---|---|---|
| 020 | _a0138989176 | ||
| 082 | _a510 | ||
| 090 |
_c3626 _d3626 |
||
| 100 | _aCalter, Paul. | ||
| 245 |
_aTechnical mathematics _cPaul Calter, |
||
| 260 |
_aEnglewood Cliffs, NJ _b: Prentice Hall, _cc1995. |
||
| 300 |
_axvi, 848 p. _b: ill. _c; 27 cm. |
||
| 500 | _aIncludes Index | ||
| 650 | _aEngineering mathematics. | ||
| 942 |
_cBK _k510 CAL |
||
| 999 |
_c7531 _d7531 |
||